00437nam a2200169Ia 450000500170000000800460001702000180006303700120008104000200009304100130011308400230012610000200014924500360016926000390020530000100024436500130025420250508164502.0008 250505s9999 xx 000 0 hin d a81-7096-103-3 aTextual aFEDLbengcFEDL ahin2eng a307.772, ANAqFEDL aAnand Kumar Ed. 0aTibbat mukti andolan aur bharat aDelhi, IndiabSahitya Sahkarc1994 a243p. aINRb160